000 00625nam a2200229Ia 4500
003 OSt
005 20220923225615.0
006 a|||||r|||| 00| 0
007 ta
008 Pun
024 _a272,357
037 _cTextual
040 _aARTS
_cARTS
_bPun
041 _2Pun
_aPun
082 _aO143,3x, 153L9
100 _aਅੰਮ੍ਰਿਤਾ ਪ੍ਰੀਤਮ, ਥਦ.
245 0 _aਪੋੜੀਆਂ
260 _c1979
650 _aਬਲਗਾਰੀਅਨ ਸਾਹਿਤ
942 _hO143,3x, 153L9
_cTEXL
_2CC
999 _c379415
_d379415